[Event "CAN-ch U10"]
[Site "Vancouver"]
[Date "2012.07.03"]
[Round "1"]
[White "Novakovic, David"]
[Black "Pulfer, Luke"]
[Result "0-1"]
[WhiteElo "767"]
[BlackElo "1667"]
[PlyCount "74"]
[EventDate "2012.07.03"]
[EventType "swiss"]
[EventRounds "7"]
[EventCountry "CAN"]
[SourceTitle "EXT 2022"]
[Source "ChessBase"]
[SourceDate "2021.10.06"]
[SourceVersion "1"]
[SourceVersionDate "2021.10.06"]
[SourceQuality "1"]

1. d4 d5 2. Nf3 Nf6 3. Nc3 e6 4. e3 Be7 5. Be2 0-0 6. 0-0 b6 7. Ng5 h6 8. Nf3 Bb7 9. Qd3 Ne4 10. Nd2 Nf6 11. e4 dxe4 12. Ndxe4 Nc6 13. Be3 Nb4 14. Nxf6+ Bxf6 15. Qd1 Nd5 16. Bf3 Nxe3 17. fxe3 Bxf3 18. Rxf3 c5 19. Nb5 a6 20. Nc3 cxd4 21. exd4 Qxd4+ 22. Qxd4 Bxd4+ 23. Kf1 Rfd8 24. Ke2 Rac8 25. Raf1 f6 26. Rd1 e5 27. b3 Re8 28. Ne4 Rxc2+ 29. Rd2 Rxd2+ 30. Kxd2 Rd8 31. Kc2 Kf7 32. g4 Ke6 33. Rd3 g6 34. h4 f5 35. gxf5+ gxf5 36. Nf2 e4 37. Nxe4 fxe4 0-1